Античная б-ка. История о разрушении Трои (Запись № 14844)

Подробности
000 -МАРКЕР
контрольное поле 01721nam0a2200361 4500
001 - ИДЕНТИФИКАТОР ЗАПИСИ
контрольное поле RU\NLR\bibl\5442
005 - ИДЕНТИФИКАТОР ВЕРСИИ
контрольное поле 20260406052923.0
010 ## - МЕЖДУНАРОДНЫЙ СТАНДАРТНЫЙ НОМЕР КНИГИ (ISBN)
Номер (ISBN) 5-89239-049-2
Тираж 2000
021 ## - НОМЕР ГОСУДАРСТВЕННОЙ РЕГИСТРАЦИИ
Код страны российская федерация
Номер 98-5976
Номер Листа государственной регистраци 286
035 ## - ДРУГИЕ СИСТЕМНЫЕ НОМЕРА
Идентификатор записи (NLR Aleph) 000005299
100 ## - ДАННЫЕ ОБЩЕЙ ОБРАБОТКИ
Данные общей обработки 19980827d1997 |||y0rusy50 ca
101 1# - ЯЗЫК РЕСУРСА
Язык текста, звукозаписи и т.д. русский
Язык оригинала латинский
102 ## - СТРАНА ПУБЛИКАЦИИ ИЛИ ПРОИЗВОДСТВА
Страна публикации российская федерация
105 ## - ПОЛЕ КОДИРОВАННЫХ ДАННЫХ: ТЕКСТОВЫЕ МАТЕРИАЛЫ, МОНОГРАФИЧЕСКИЕ
Кодированные данные о монографическом текстовом документе |||||||||||||
200 1# - ЗАГЛАВИЕ И СВЕДЕНИЯ ОБ ОТВЕТСТВЕННОСТИ
Основное заглавие История о разрушении Трои
Сведения, относящиеся к заглавию [Мифол. роман]
Первые сведения об ответственности Дарет Фригийский
Последующие сведения об ответственности Рус. пер., коммент., вступ. ст., сост. А.В. Захаровой
-- Гекзаметр. пер. Д.О. Торшилова
210 ## - ПУБЛИКАЦИЯ, РАСПРОСТРАНЕНИЕ И ДР.
Место издания, распространения и т.д. СПб.
Имя издателя, распространителя и т. д. Алетейя
Дата издания, распространения и т.д. 1997
215 ## - ФИЗИЧЕСКАЯ ХАРАКТЕРИСТИКА
Специфическое обозначение материала и объем 301 с.
Размеры 17
225 1# - СЕРИЯ
Основное заглавие серии Антич. б-ка
Наименование части Антич. история
300 ## - ОБЩИЕ ПРИМЕЧАНИЯ
Текст примечания Авт. также на лат. яз.: Daretis Phrygll, на фр. яз.: de Dares Phrigius
300 ## - ОБЩИЕ ПРИМЕЧАНИЯ
Текст примечания Текст на рус., лат. и фр. яз.
320 ## - ПРИМЕЧАНИЯ О НАЛИЧИИ В ДОКУМЕНТЕ БИБЛИОГРАФИИ / УКАЗАТЕЛЯ
Текст примечания Библиогр.: с. 279-286 и в подстроч. прим.
461 #0 - УРОВЕНЬ НАБОРА
Встроенное поле 2001#$aАнтичная б-ка$iАнтичная история
Заглавие Античная б-ка
607 ## - ГЕОГРАФИЧЕСКОЕ НАИМЕНОВАНИЕ КАК ПРЕДМЕТ
Географическое наименование Троя, древний город (Малая Азия)
Формальный подзаголовок Источники и источниковедение
Тематический подзаголовок История
Системный номер авторитетной/нормативной записи 1041777
Идентификатор авторитетной/нормативной записи RU\NLR\auth\6683333
686 ## - ИНДЕКСЫ ДРУГИХ КЛАССИФИКАЦИЙ
Индекс Т3(0)313.31,01
700 #0 - ИМЯ ЛИЦА - ПЕРВИЧНАЯ ОТВЕТСТВЕННОСТЬ
Код отношения Автор
Материалы, к которым относится поле rus
Графика поля Кириллица
Начальный элемент ввода Дарет Фригийский
Идентификатор авторитетной/нормативной записи RU\NLR\auth\777772
Системный номер авторитетной/нормативной записи 117703
702 #1 - ИМЯ ЛИЦА - ВТОРИЧНАЯ ОТВЕТСТВЕННОСТЬ
Код отношения Переводчик
Материалы, к которым относится поле rus
Графика поля Кириллица
Начальный элемент ввода Торшилов
Часть имени, кроме начального элемента ввода Д. О.
Расширение инициалов личного имени Дмитрий Олегович
Идентификатор авторитетной/нормативной записи RU\NLR\auth\777771
Системный номер авторитетной/нормативной записи 117702
801 #0 - ИСТОЧНИК ЗАПИСИ
Страна российская федерация
Организация NLR
Дата составления 19980827
Правила каталогизации PSBO
801 #1 - ИСТОЧНИК ЗАПИСИ
Страна российская федерация
Организация NLR
Дата составления 19980827
852 ## - МЕСТОНАХОЖДЕНИЕ И ШИФР ХРАНЕНИЯ
Идентификатор организации NLR
Шифр хранения (Call Number) 98-2/451
942 ## - ДОПОЛНИТЕЛЬНЫЕ ЭЛЕМЕНТЫ ЗАПИСИ (АБИС)
Тип экземпляра АБИС Книга
980 ## - КОЛЛЕКЦИЯ
Название коллекции Национальная библиография
Экземпляры
Тип экземпляра Дата поступления Библиотека постоянного хранения Библиотека текущего хранения Место хранения Шифр хранения Штрих-код Статус не для выдачи
Книга 26.10.2013 РНБ (Московский) РНБ (Московский) Русский книжный фонд: издания с 1957 года, 8этаж 98-2/451 5299-10